000 00370 a2200157 4500
003 Nust
005 20230331103508.0
040 _cNust
082 _a808.83,BRI
100 _aBridge , Ann
_9107213
245 _aFour- Part Setting /
_cAnn Bridge
260 _aLondon
_bChatto & Windus
_c1939
300 _a394:p
650 _aNovel
_92525
942 _2ddc
_cBK
_k808.83,BRI
999 _c186859
_d186859